000 00431nam a2200145Ia 4500
008 090122s9999 xx 000 0 und d
082 _b8672
_a891.4683
100 _aखांडेकर
_bवि
_c
245 _aजळलेला मोहर
600 _aखांडेकर
630 _aजळलेला मोहर
700 _aखांडेकर
730 _aजळलेला मोहर
942 _cBOOK
999 _c32749
_d32749